| 000 | 00940cam a2200301 4500 | ||
|---|---|---|---|
| 008 | 090401t1988 xxu||||| |||| 00| 0 eng d | ||
| 020 | _a0854063714 | ||
| 035 | _a(Sirsi) u45946 | ||
| 041 | _aeng | ||
| 050 | _a692.50285 | ||
| 090 | _aRICS 1988/76A | ||
| 110 |
_aRoyal Institution of Chartered Surveyors _94900 |
||
| 245 | 4 | _aThe Elsie expert system users manual : version 1.0. | |
| 260 |
_aLondon _bRICS _c1988 |
||
| 300 | _aca.300 leaves ; 30cm. | ||
| 350 | _a0 | ||
| 520 | _aProduced by the Quantity Surveyors Division of the RICS in collabortion with the University of Salford. | ||
| 650 | _aALVEY PROGRAMME | ||
| 650 | _aDEVELOPMENT APPRAISAL | ||
| 650 | _aEXPERT SYSTEMS | ||
| 650 | _aKNOWLEDGE-BASED SYTEMS | ||
| 650 | _aProcurement-old | ||
| 650 | _aBUILT ENVIRONMENT-QUANTITY SURVEYING | ||
| 690 |
_aQuantity surveying _96263 |
||
| 710 |
_aUniversity of Salford. _93465 |
||
| 942 | _n0 | ||
| 948 | _c04/03/1997 | ||
| 999 |
_c91853 _d91853 |
||